Imposición de la medalla de oro de la provincia al Ministro de Obras Públicas
Publicado:
San Jorge, núm. 75 (3r trimestre 1969), pàg 44 - 47 :
MARC
| LEADER | 00000nam a2200000Ia 4500 | ||
|---|---|---|---|
| 001 | |||
| 008 | 160829s9999 xx 000 0 cat d | ||
| 245 | |a Imposición de la medalla de oro de la provincia al Ministro de Obras Públicas | ||
| 260 | |a San Jorge, núm. 75 (3r trimestre 1969), pàg 44 - 47 | ||
| 590 | |a Conté el discurs del ministre | ||
| 650 | |a Silva Muñoz, Federico |x Medalles |9 36763 | ||
| 650 | 0 | |a Medalla d'Or de la Provincia de Barcelona |9 30314 | |
| 901 | |a Arxiu | ||
| 942 | |n 1 | ||
| 952 | |0 0 |1 0 |4 0 |7 1 |9 47503 |a Arxiu |b Arxiu |d 2016-12-01 |l 0 |r 2016-12-01 00:00:00 |w 2016-12-01 |y ARXIU | ||
| 999 | |c 51302 |d 51302 | ||